00444 2200145 4500001002100000008004100021035002000062245004800082100001600130260002500146300001400171082001000185650009000195990001300285INLIS000000000000512 ind  a0010-0322000512 aDONGENG PENGANTAR TIDUR MALIN KUNDANGcIKHA aFERDIANSYAH aSURABAYAbMEGA PRESS ahlm.ccm. a398.2 aFOLK LITERATURE, FAIRY TALES, MYTH, MYTHOLOGY/CERITA RAKYAT, DONGENG, MITOS, MITOLOGI a102723-1